000 00280nam a2200121Ia 4500
008 190216s9999||||xx |||||||||||||| ||und||
100 _aDeepak Rao
245 0 _aCreate Personalities Of India
260 _bDolphin Publication
300 _a162
650 _aHistory
942 _cBK
999 _c20572
_d20572